000 00675nam a22002057a 4500
005 20251108165340.0
008 250721s1995 xx 000 0 ara d
082 1 4 _a956.93/نتن
100 1 _aنتنياهو، بنيامين
245 1 0 _aمكان تحت الشمس /
264 1 _aعمان :
_bدار الجليل للنشر و التوزيع و الأبحاث الفلسطينيه،
_c1995.
300 _a446ص
650 1 7 _aاليهود
650 1 7 _aالتاريخ
650 1 7 _aالصهيونيه
650 1 7 _aالسلام العربي الإسرائيلي
700 1 _aالدويري، محمد عودة
_eترجمة
942 _2ddc
_cBK
999 _c25705
_d25705